| 000 | 00913nas a2200301 4500 | ||
|---|---|---|---|
| 001 | BR2015002092 | ||
| 003 | BR-BrBNA | ||
| 005 | 20231205125211.0 | ||
| 007 | ta | ||
| 008 | 230509b bl.|||p| |||| 00| 00por d | ||
| 040 |
_aBR-BrBNA _bpor _cBiblioteca Nacional de Agricultura |
||
| 041 | _a(Pt) | ||
| 072 | _aF06 | ||
| 100 | 1 | _aSantos, R.F. | |
| 100 | 1 | _aFornasari, C.H. | |
| 100 | 1 | _aSecco, D. | |
| 100 | 1 | _aSouza, S.N.M. | |
| 100 | 1 | _aSilva, T.R.B. da | |
| 100 | 1 | _aBassegio, D. | |
| 245 | 1 | _aManejo de irrigação com evaporímetro em Crambe abyssinica | |
| 650 | _aIRRIGAÇÃO | ||
| 650 | _aBIOMASSA | ||
| 650 | _aCONDIÇÃO AMBIENTAL | ||
| 773 | 0 |
_tActa Iguazu (Brazil) _xISSN 2316-4093 _g(2012), v. 1(1) p. 23-32 _wBR2015002092 |
|
| 856 | 4 | 0 | _uhttp://e-revista.unioeste.br/index.php/actaiguazu/article/download/7025/5177 |
| 909 |
_a202311 _bLúcia _c55 _dLúcia Elande |
||
| 942 |
_2AGRIS _n0 _cANA |
||
| 999 |
_c243176 _d243176 |
||